000 00469nam a22001337a 4500
003 SGT
020 _a9789380935904
082 _a080
_bY18S
100 _aशास्त्री, दीक्षितोपाह श्री अमरनाथ
245 _aयाज्ञवल्काव्यशिक्षा
260 _bइंदिरा गाँधी राष्ट्रीय कला केंद्र
_c2018
300 _a468
942 _2ddc
_cBK
999 _c31516
_d31516